Normal view
MARC view
Entry Personal Name
001 - CONTROL NUMBER
- control field: 528446
003 - CONTROL NUMBER IDENTIFIER
- control field: OSt
005 - DATE AND TIME OF LATEST TRANSACTION
- control field: 20220930071435.0
008 - FIXED-LENGTH DATA ELEMENTS
- fixed length control field: 220930|| aca||aabn | a|a d
040 ## - CATALOGING SOURCE
- Original cataloging agency: OSt
- Transcribing agency: OSt
100 ## - HEADING--PERSONAL NAME
- Personal name: Dr. Tarak Nath Bali Gu
670 ## - SOURCE DATA FOUND
- Source citation: Work cat.: (OSt)862331: Bisht Madhuri 528445, Hindi kahani sahitya mein poorvdeepti ka rachnatmak upyog, 1997
